Física : la energía en el mundo cotidiano y en el universo físico. Energías eléctrica y térmica. Termodinámica. /
Guardado en:
| Autor Principal: | |
|---|---|
| Otros Autores: | , , , |
| Formato: | Libro |
| Idioma: | Undetermined |
| Publicado: |
Buenos Aires :
Santillana,
2011.
|
| Edición: | 1era ed. |
| Series: | Saberes clave
|
| Materias: | |
| Etiquetas: |
Agregar Etiqueta
Sin Etiquetas, Sea el primero en etiquetar este registro!
|
| LEADER | 03053nam a22002775a 4500 | ||
|---|---|---|---|
| 001 | CEM.cems025164 | ||
| 008 | 260507s2011####ag#a##########000#0#und#d | ||
| 005 | 20260507111106.0 | ||
| 245 | 1 | 0 | |a Física : |b la energía en el mundo cotidiano y en el universo físico. Energías eléctrica y térmica. Termodinámica. / |c Fabían G. Diaz ; María Cristina Iglesias ; Francisco López Arriazu ; Gabriel D. Serafini ; Alejandro J. Balbiano. |
| 250 | |a 1era ed. | ||
| 260 | |a Buenos Aires : |b Santillana, |c 2011. | ||
| 300 | |a 240 p. : |b il. ; |c 27 cm. | ||
| 490 | 1 | |a Saberes clave | |
| 505 | 0 | |a La ciencia, una mirada curiosa sobre el mundo -- Una definición para la ciencia -- Modelos de explicación -- Modelos, teorías y leyes Los procedimientos de la ciencia -- El papel de la observación en ciencia -- Tan fundamental como antigua: la Física -- La búsqueda de la unificación -- La Física en la actualidad -- El avance de la ciencia -- Ciencia, tecnología y sociedad -- La investigación científica y la del colegio -- La comunicación en ciencia -- ¿Qué es la energía? -- El "origen" de la energía -- Características de la energía Las formas de energía -- La energía cinética -- La energía potencial -- La energía química -- La energía eléctrica -- La energía nuclear -- La energía térmica -- La energía radiante -- Las fuentes de energía -- Energía hidráulica -- Energía solar -- Energía de la biomasa -- Energía eólica -- Energía geotérmica -- Energía mareomotriz -- Energía de los combustibles fósiles -- El cambio y la conservación de la energía -- Eficiencia y degradación de la energía Potencia -- El kilowatt y el kilowatt-hora -- La energía y los procesos de transformación -- Transformar energía para producir electricidad -- Las unidades de energía -- ¿Qué es el trabajo para la Física? -- El trabajo y el esfuerzo -- Fuerzas que no realizan trabajo -- El trabajo y la energía cinética -- El trabajo y la energía potencial gravitatoria -- El trabajo y la energía potencial elástica Los usos de la energía potencial elástica -- Fuerzas conservativas y energías potenciales La energía en choques y explosiones -- La energía a través de la Historia 46 La energía en la Argentina -- Las fuentes naturales de energía -- El joule -- Otras unidades de energía El Sol, una fuente de energía fundamental -- Las estrellas -- La evolución de una estrella 65 La fusión y la fisión nuclear -- La equivalencia masa-energía -- La radiactividad natural -- Cronología de los descubrimientos en Física nuclear -- La vida media y la datación -- Descripción de los fenómenos nucleares | |
| 020 | |a 9789504623236 | ||
| 100 | 1 | |a Diaz, Fabián G., |d 2011. | |
| 700 | 1 | |a Iglesias, María Cristina. | |
| 700 | 1 | |a Arriazu López, Francisco. | |
| 700 | 1 | |a Serafini, Gabriel D. | |
| 700 | 1 | |a Balbiano, Alejandro J. | |
| 082 | 0 | 4 | |a 530 |
| 653 | |a Física | ||
| 653 | |a Energía | ||
| 653 | |a Energía eléctrica | ||
| 653 | |a Termodinamica | ||
| 859 | |a CEMS |b BIB. CEMS - Agricultura |h 530 |i D543 |p A4127.26 |t Ej.1 | ||
